00948nam a2200193 i 450000100060000000300090000600500170001500700030003200800410003510000510007624502300012726000690035730000280042665000190045471000320047374000760050585200320058185201410061332089ES-MaACL20250718062534.0t|030217s1874 sp ||||1| spa d1 aCanalejas, Francisco de Paula,d1834-1883eaut10aDiscurso leído en la Universidad de Madrid en el acto de la apertura del curso académico de 1874 a 1875 / cpor Francisco de Paula Canalejas [Tema: El desconocimiento y la falta de voluntad, causa de los males presentes]. aMadrid : bUniversidad de Madrid, c1874f(Imp. José Ducazcal) a51 páginas ; c26 cm. 7aÉtica2embne2 aUniversidad de Madrid.eedt32aEl desconocimiento y la falta de voluntad, causa de los males presentes aES-MaACLcDEPOFjT-169-F-10 aES-MaACLcDEPOFfSello de Los Escolares MédicosfSello de Manuel de Tolosa y LatourhDonativo de Manuel Tolosa Latour jT-385-F-19